000 00526nam a2200193Ia 4500
003 GCL
008 140319s9999 xx 000 0 eng d
040 _aGCL /
_cGCL
082 0 4 _aCC
_b303.4032
_bS C
100 1 _aSTAFFA, SUSAN HANE
245 1 0 _aCONQUEST AND FUSION THE SOCIAL EVOLUTION OF CAIRO A.D.642-1850 /
_cSTAFFA, SUSAN HANE
260 _a[S.N] :
_bLEIDEN E.J.BRILL ،
_c1977
300 _a449
650 0 4 _aEGYPT
650 0 4 _aCAIRO
650 0 4 _aEGYPTIAN LIFE
650 0 4 _aEGYPT - HISTORY
942 _2ddc
_cBK
999 _c20216
_d20216